Statistics for 10 Biggest Asian Countries by Population

Click here to take the quiz!

General Stats

  • This quiz has been taken 88 times
  • The average score is 9 of 10

Answer Stats

PopulationAnswer% Correct
1,387,160,000China
100%
1,324,009,000India
100%
191,785,000Pakistan
99%
255,462,000Indonesia
98%
126,891,000Japan
95%
158,762,000Bangladesh
94%
78,778,000Iran
93%
91,812,000Vietnam
91%
100,699,000Philippines
89%
144,031,000Russia
88%

Score Distribution

Percentile by Number Answered

Percent of People with Each Score

Your Score History

You have not taken this quiz